000 00309nam a2200133 i 4500
001 bg
100 1 _aKINASOSZWILI, P.
245 0 _aSoprotawlenije materiaƂow /
_cP. Kinasoszwili.
260 _aMoskwa,
_c1968.
040 _cBPK
041 _apol
942 _cKS
008 s pl f |000 0 pol
999 _c11708
_d11708
856 _uhttp://koha.tu.koszalin.pl/cgi-bin/koha/opac-detail.pl?biblionumber=11708
_yKatalog online BPK